Die 10 größten deutschen Fernsehsender 2021 - Statistiken

Allgemein
  • Dieses Quiz wurde 25.303 mal gespielt
  • Das Durchschnittsergebnis liegt bei 7 aus 10
Antwortstatistiken
Marktanteil Sender % Korrekt
7,2% RTL
98%
12,1% ARD / Das Erste
97%
14,7% ZDF
96%
3,7% ProSieben
90%
5,2% Sat.1
85%
2,5% RTL ZWEI
71%
4,5% Vox
68%
3,2% kabel eins
57%
2,6% NDR Fernsehen
41%
2,8% ZDFneo
17%
Keine übereinstimmenden Quizze gefunden
Verteilung der Resultate
Anzahl Personen mit jedem Resultat
Perzentil nach korrekt beantworteten Fragen
Ihre Resultats-Entwicklung
Sie haben dieses Quiz noch nicht gespielt